Flags of Countries of the World in 1900 - Statistics

General Stats
  • This quiz has been taken 2,168 times
    1,947 since last reset
  • The average score is 43 of 69
Answer Stats
Picture Answer % Correct
United Kingdom
99%
United States
99%
Russia
95%
Belgium
94%
Japan
94%
Netherlands
94%
Spain
94%
France
93%
Korea
93%
Italy
92%
Luxembourg
92%
China
91%
Serbia
90%
Germany
88%
Canada
84%
Ottoman Empire
84%
Norway
82%
Switzerland
82%
Denmark
81%
Romania
79%
Mexico
78%
Portugal
78%
Brazil
77%
Bulgaria
76%
Colombia
76%
Nepal
76%
Argentina
75%
Monaco
75%
Sweden
75%
Chile
74%
Liberia
74%
Uruguay
74%
Venezuela
74%
Ecuador
73%
Peru
71%
Philippines
70%
San Marino
70%
Tonga
70%
Dominican Republic
69%
Honduras
69%
Austria-Hungary
68%
Haiti
68%
Costa Rica
66%
Paraguay
66%
Guatemala
65%
Siam
64%
Greece
62%
Nicaragua
62%
Bolivia
54%
Swaziland
54%
Montenegro
51%
Liechtenstein
47%
Persia
45%
Ethiopia
38%
Congo Free State
33%
Transvaal
31%
Morocco
27%
Orange Free State
25%
El Salvador
24%
Crete
20%
Ha'il
18%
Andorra
16%
Dervish State
14%
Aceh
12%
Acre
9%
Aro
9%
Klungkung
6%
Chan Santa Cruz
5%
Sokoto
5%
No matching quizzes found
Score Distribution
Percent of People with Each Score
Percentile by Number Answered
Your Score History
You have not taken this quiz since the last reset